| 000 | 01222cam a22003495a 4500 | ||
|---|---|---|---|
| 999 |
_c12262 _d12262 |
||
| 001 | 2430265 | ||
| 003 | EG-ScBUE | ||
| 005 | 20191214132156.0 | ||
| 008 | 871027r20112004enka f b 001 0 eng d | ||
| 020 | _a9780194421867 (pbk.) | ||
| 040 |
_aDLC _beng _erda _cDLC _dDLC _dEG-ScBUE _deg-scbue |
||
| 082 | 0 | 4 |
_a428.1 _bMOR _222 |
| 100 | 1 |
_aMorgan, John, _eauthor. _97784 |
|
| 245 | 1 | 0 |
_aVocabulary / _cJohn Morgan, Mario Rinvolucri. |
| 250 | _aSecond edition. | ||
| 250 | _aReprint edition. | ||
| 264 | 1 |
_aOxford ; _aNew York : _bOxford University Press, _c2011. |
|
| 300 |
_axv, 168 pages : _billustrations ; _c24 cm. |
||
| 336 |
_2rdacontent _atext _btxt |
||
| 337 |
_2rdamedia _aunmediated _bn |
||
| 338 |
_2rdacarrier _avolume _bnc |
||
| 490 | 0 | _aResource books for teachers | |
| 504 | _aIncludes bibliographical references and index. | ||
| 590 | _aبسنت احمد | ||
| 650 | 7 |
_aVocabulary. _2BUEsh _97785 |
|
| 650 | 7 |
_aEnglish language _xStudy and teaching. _2BUEsh _97786 |
|
| 653 |
_bHHUUEENN _cDecember2019 |
||
| 655 | _vReading book | ||
| 700 | 1 |
_aRinvolucri, Mario, _eauthor. _97787 |
|
| 942 |
_2ddc _cBB |
||